[Event "Candidates sf2"]
[Site "London"]
[Date "1989.10.14"]
[Round "7"]
[White "Timman, Jan H"]
[Black "Speelman, Jonathan S"]
[Result "0-1"]
[WhiteElo "2635"]
[BlackElo "2615"]
[Annotator "ChessBase"]
[PlyCount "60"]
[EventDate "1989.10.??"]
[EventType "match"]
[EventRounds "8"]
[EventCountry "ENG"]
[SourceTitle "Candidates"]
[Source "ChessBase"]
[SourceDate "1999.07.01"]
[SourceVersion "2"]
[SourceVersionDate "1999.07.01"]
[SourceQuality "1"]

1. e4 e5 2. Nf3 Nc6 3. Bb5 f5 4. Nc3 fxe4 5. Nxe4 d5 6. Nxe5 dxe4 7. Nxc6 Qg5
8. Qe2 Nf6 9. f4 Qxf4 10. Ne5+ (10. d4 $6 Qd6 11. Nxa7+ $2 c6 12. Nxc8 Qb4+ $1
13. c3 Qxb5 14. Qxb5 cxb5 $19) 10... c6 11. d4 Qh4+ 12. g3 Qh3 13. Bc4 Be6 14.
Bg5 O-O-O 15. O-O-O Bd6 16. Nf7 (16. Qf1 {16.g4 Bc4 17.Qc4 Rhe8} Rhe8 17. Qxh3
Bxh3 18. Nf7 Rd7 19. Nxd6+ Rxd6 20. Bf4 Rd7 21. Rhe1 $14) 16... Bxf7 17. Bxf7
Rhf8 18. Bc4 Rde8 19. d5 $6 (19. Rhf1) 19... c5 20. Rhf1 Kb8 21. Bf4 Rd8 22.
Bg5 a6 $1 23. Bxf6 gxf6 24. Qxe4 Qxh2 25. Rh1 Qxg3 26. Rxh7 Rfe8 $1 27. Qf5 $6
(27. Qh4 Qf4+ 28. Qxf4 Bxf4+ 29. Kb1 b5 30. Bf1 Rxd5 $17) 27... b5 28. Bf1 (28.
Bd3 c4 29. Be4 $2 Qe3+ $19) 28... Re1 29. Qh5 Qf4+ 30. Kb1 Qxf1 0-1

[Event "YUG-ch40"]
[Site "Novi Sad"]
[Date "1985.04.??"]
[Round "?"]
[White "Abramovic, Bosko"]
[Black "Kovacevic, Vlatko"]
[Result "1-0"]
[WhiteElo "2460"]
[BlackElo "2530"]
[Annotator "ChessBase"]
[PlyCount "47"]
[EventDate "1985.04.07"]
[EventType "tourn"]
[EventRounds "17"]
[EventCountry "YUG"]
[EventCategory "7"]
[SourceTitle "MCL"]
[Source "ChessBase"]
[SourceDate "1999.07.01"]
[SourceVersion "1"]
[SourceVersionDate "1999.07.01"]
[SourceQuality "1"]

1. e4 e5 2. Nf3 Nc6 3. Bb5 f5 4. Nc3 Nd4 5. Bc4 d6 6. d3 Nf6 7. Nxd4 $1 $16 (7.
O-O Nxf3+ 8. Qxf3 f4 9. Nd5 c6 10. Nxf6+ Qxf6 11. g3 g5 $13) 7... exd4 8. Ne2
fxe4 9. dxe4 Nxe4 (9... c5 10. O-O Nxe4 11. Nf4 $16) 10. Qxd4 Nf6 11. Bg5 c6
12. O-O-O d5 13. Nf4 Be7 14. Nxd5 $1 (14. Rhe1 O-O 15. Bb3 $16 {/\ c4}) 14...
cxd5 (14... Nxd5 $2 15. Rhe1 $18) 15. Bxf6 gxf6 (15... Bxf6 $2 16. Rhe1+ Kf8 (
16... Kf7 17. Bxd5+ Kg6 18. Be4+ Kh6 19. Qe3+ Bg5 20. f4 $18) 17. Qc5+ Be7 18.
Rxd5 $18) 16. Bxd5 (16. Rhe1 O-O 17. Qxd5+ Kg7 $1 18. Qe4 Bd6 19. Qd4 Qc7 $17)
16... Bf5 (16... Qc7 $5 17. Rhe1 $44) 17. Qf4 $1 Qc8 18. Bb3 Be6 19. Bxe6 Qxe6
20. Rhe1 Qxa2 (20... Qc6 21. Rd6 Qc7 22. Qa4+ $18) 21. Qc7 O-O (21... Qf7 22.
Qxb7 Rd8 23. Rxd8+ Kxd8 24. Rd1+ $18) 22. Rxe7 Qa1+ 23. Kd2 Rad8+ 24. Ke3 1-0

[Event "EU-Cup 32nd"]
[Site "Novi Sad"]
[Date "2016.11.10"]
[Round "5.1"]
[White "Inarkiev, Ernesto"]
[Black "Edouard, Romain"]
[Result "1-0"]
[WhiteElo "2714"]
[BlackElo "2628"]
[Annotator "Edouard,R"]
[PlyCount "121"]
[EventDate "2016.11.06"]
[EventType "team-swiss"]
[EventRounds "7"]
[EventCountry "SRB"]
[SourceTitle "CBM 176"]
[Source "ChessBase"]
[SourceDate "2017.01.17"]
[SourceVersion "1"]
[SourceVersionDate "2017.01.17"]
[SourceQuality "1"]
[WhiteTeam "Moscow SHSM Legacy"]
[BlackTeam "Gent"]
[WhiteTeamCountry "RUS"]
[BlackTeamCountry "BEL"]

1. e4 e5 2. Nf3 Nc6 3. Bb5 f5 4. Nc3 fxe4 5. Nxe4 Nf6 6. Nxf6+ Qxf6 7. Qe2 Be7
8. Bxc6 bxc6 $5 {The recent fashion.} (8... dxc6 {is worse:} 9. Nxe5 Bf5 10. d3
(10. O-O $5) 10... O-O 11. O-O {and White will play f4, d4, Be3 and Black
cannot ever equalise completely, although there was a draw for example in the
game ½-½ (32) Vallejo Pons,F (2697)-Ivanisevic,I (2645) TUR 2012}) 9. Nxe5
Qe6 {White has several ways to keep an extra pawn but Black always has at
least long term compensation.} 10. d4 (10. Nf3 Qxe2+ 11. Kxe2 c5 12. Re1 Bb7
13. Kf1 Bxf3 14. gxf3 Rf8 15. Kg2 Rf5 {easily held for Black in the following
game:} 16. d3 d5 17. f4 Rf7 18. Re5 O-O-O 19. Rb1 c6 20. Bd2 Bd6 21. Re6 Kd7
22. Rbe1 Rdf8 $11 {1/2-1/2 (30) Karjakin,S (2776)-Radjabov,T (2744) ROU 2011})
(10. Nc4 $5 Qxe2+ (10... d5 $6 11. Qxe6 Bxe6 12. Ne5 Bf6 13. f4 Bxe5 14. fxe5
d4 {1/2-1/2 (34) Dominguez,L (2712)-Fressinet,L (2700) San Sebastian ESP 2012}
15. b3 $1 {may have posed some problems.}) 11. Kxe2 O-O 12. d3 d5 13. Ne5 Bd6
14. f4 c5 $44 {1/2-1/2 (31) Volokitin,A (2722)-Erdos,V (2640) AUT 2012}) (10.
Qe3 O-O 11. O-O Bf6 $5 12. f4 c5 $1 $44 {1/2-1/2 (36) Frolyanov,D (2555)
-Kollars,D (2471) ITA 2016}) 10... Bf6 $1 (10... O-O 11. Nd3 $1 Qf7 (11...
Qxe2+ 12. Kxe2 {followed by Be3 is better for White whose knight is
excellently placed on d3.}) 12. O-O Bf6 13. Be3 Ba6 14. Qd2 $14 {1/2-1/2 (47)
Berelowitsch,A (2565)-Pruijssers,R (2519) GER 2013}) 11. Nf3 Qxe2+ 12. Kxe2
Ba6+ (12... d6 13. Be3 O-O 14. Kd2 c5 15. dxc5 Bxb2 16. Rab1 Bf6 {1-0 (33)
Efimenko,Z (2641)-Grover,S (2492) UAE 2014, was also playable for Black.}) (
12... O-O $5 13. c3 a5 $5 {also makes sense.}) 13. Kd1 O-O 14. c3 (14. Be3 c5
$132) 14... Bd3 15. Be3 Rab8 16. b3 Be4 (16... c5 $5 17. Kd2 c4 $1 {also made
sense.}) 17. Ke2 $1 (17. Ne1 c5 $44) 17... Bxf3+ {A logical but not forced
decision. The engine offers a panoply of other moves to go for long term
compensation.} 18. gxf3 Be7 19. h4 $1 Rf5 20. h5 h6 21. c4 Kh7 (21... a5 $1 {
with the idea ...a4 would probably just equalise. On the other hand, I wanted
to keep the a5-square for my rook!}) 22. c5 d6 $6 (22... a5 $1 {again was a
stronger defence.}) 23. Rac1 $5 (23. cxd6 Bxd6 (23... cxd6 24. Rac1 Rb6 25. f4
$14) 24. Rac1 Rb6 25. Rc2 {and White will play f4 and get a favourable 
(although drawish) rook ending.}) 23... dxc5 24. dxc5 Rd8 (24... Re8 {was my
initial idea but then I realised that after} 25. f4 $1 (25. b4 $6 a5 $132)
25... Bxc5 26. Kf3 {I have problems.}) 25. f4 $1 Rdd5 26. b4 a5 27. bxa5 Bxc5
28. Kf3 (28. a6 $5 Bb6 29. Rxc6 Ra5 30. Bxb6 cxb6 31. Rg1 {and Black will have
to suffer to get a draw.}) 28... Bd6 $6 (28... Bxe3 {was better:} 29. fxe3 Rxa5
(29... Rf6 30. Rcd1 $16) 30. Rxc6 Rxh5 31. Rxh5 Rxh5 32. Rxc7 Ra5 33. Rc2 h5 {
and the endgame is apparently a relatively easy draw.}) 29. a6 Ra5 30. Rxc6 Ra3
31. Kg4 Rfa5 32. a7 Rxa2 33. Rb1 Rxa7 34. Bxa7 Rxa7 35. Rc4 Ra2 36. Rf1 Kg8 37.
Rd4 $1 {The only way to push Black to play ...g6. If White can get his rook to
f5 then the black king is in a mating net.} Kf7 38. Rd5 g6 39. Rd4 Kf6 40. hxg6
Kxg6 41. Kf3 Ra5 42. Rh1 h5 43. Re4 Kf7 44. Rhe1 Ra3+ 45. R1e3 Ra5 46. Rd3 Kf6
47. Red4 Ke6 $4 {A huge blunder.} (47... Rf5 {was necessary, and it is
difficult for White to prove he has something.}) 48. Ke4 $1 Ra2 (48... Rf5 $2
49. Rxd6+ {is what I had missed.}) 49. Rd2 Ra1 50. Rd5 Rh1 51. R2d4 Rh3 $2 (
51... Rh4 {was required, but White seems to be winning, for example:} 52. Kf3
Rxf4+ 53. Rxf4 Kxd5 $1 {(a small smart move I had forgotten though!)} 54. Rh4
c5 55. Rxh5+ Kd4 56. Rh4+ Kd3 57. Rh1 $1 Kd2 58. Rh8 $18) 52. Rg5 Rh1 53. Rdd5
h4 54. Rg6+ Kd7 55. Rh6 h3 56. Kf3 Ra1 57. Rf5 c5 58. Rd5 Ra6 $2 (58... h2 {
was required. Black is lost but has some very slight practical chances left.}
59. Rxh2 Ra3+ 60. Kg4 Kc6 61. Rf5 $18 (61. Rd1 $2 Ra4 62. Rh6 Rxf4+ 63. Kg5 Rd4
64. Rxd4 cxd4 65. Rh3 Kd5 66. Kf5 Bb4 {is a draw!})) 59. Kg4 c4 60. Rxh3 Ra4
61. Rd4 1-0

[Event "World Cities-ch GpE"]
[Site "Al Ain"]
[Date "2012.12.24"]
[Round "3.7"]
[White "Edouard, Romain"]
[Black "Hungaski, Robert Andrew"]
[Result "1-0"]
[WhiteElo "2686"]
[BlackElo "2469"]
[Annotator "Edouard,R"]
[PlyCount "105"]
[EventDate "2012.12.22"]
[EventType "team-tourn"]
[EventRounds "3"]
[EventCountry "UAE"]
[SourceTitle "CBM 152"]
[Source "ChessBase"]
[SourceDate "2013.01.15"]
[SourceVersion "1"]
[SourceVersionDate "2013.01.15"]
[SourceQuality "1"]
[WhiteTeam "Paris"]
[BlackTeam "Chicago"]
[WhiteTeamCountry "FRA"]
[BlackTeamCountry "USA"]
[TimeControl "6000+2140"]
[WhiteClock "0:02:07"]
[BlackClock "0:02:13"]

1. e4 e5 2. Nf3 Nc6 3. Bb5 f5 4. Nc3 fxe4 5. Nxe4 Nf6 $5 (5... d5 {is the
other main move.}) 6. Nxf6+ (6. Qe2 {is the other way to play, but is supposed
to be worse.}) 6... Qxf6 7. Qe2 Be7 8. Bxc6 dxc6 9. Nxe5 O-O (9... Bf5 {
first, in order to really attack the pawn on c2, is also possible, but after}
10. d3 {is will not change much.}) 10. O-O Bf5 11. f4 (11. d3 Rae8 (11... Bd6 {
may be dubious because of} 12. Nc4) 12. f4 Bd6 13. d4 {is similar to the game.}
) 11... Bd6 12. d4 Bxe5 13. dxe5 Qg6 14. Rf2 {White is pawn up, but this kind
of position is supposed to be a dead draw. Of course I was not so happy to
play it, but my opponent was simply better prepared. It may mean the move 4.
Nc3 is not that good.} h5 (14... Rad8 15. Be3 Rd5 {to try to go ...Bg4, ...
Rfd8 and exchange some rooks seems more logical to me.}) 15. Kh1 Rf7 16. h3 {
Not such a big deal, but at least I got time to organise my pieces.} Rd8 17.
Be3 Rfd7 18. Rg1 h4 (18... Qh7 $5 {to keep the h-pawn on a light square also
makes sense.}) 19. Qf3 b6 20. Kh2 c5 (20... Be4 $4 21. Qg4 $18) 21. Rff1 (21.
g4 hxg3+ 22. Rxg3 Qe6 23. Rfg2 g6 {is simply OK for Black.}) (21. Rc1 {with
the idea of going slowly Re2, Qf2, to put pressure on the h4 pawn, and later
try to push either e6 or f5, should be the best try.}) 21... Qh7 (21... Bxc2
22. Qg4 $1 {is difficult for Black too, since I will be able to push my pawns!}
(22. f5 $2 Qg3+ $1 23. Qxg3 hxg3+ 24. Kxg3 Rd5 {is a draw.})) 22. Bf2 $6 {
I thought it should be an interesting try, especially since my opponent didn't
have much time left on the clock, but it is simply bad.} Rd2 23. Qc6 $6 {
Also bad, but it is too late to go back: Black's rook is already on d2!} Rxc2 (
{After} 23... Qh5 $1 {with the idea of} 24. Qxc7 $6 R8d7 $1 {Black will put
his king on h7 and is just better.}) 24. e6 Qg6 (24... Qh5 $5 25. Qxc7 Re8 26.
g4 hxg3+ 27. Rxg3 Bg6 {looks as if it holds.}) 25. e7 Re8 26. Qxg6 Bxg6 27.
Bxh4 Rxb2 (27... Bf5 $5 {also makes sense.}) 28. f5 Bf7 29. a3 c4 (29... Bd5
30. f6 g6 $5 {is also interesting.}) 30. f6 Re2 31. Rf4 gxf6 32. Rg4+ Kh7 33.
Bxf6 Rg8 (33... R8xe7 $2 {is simply bad, especially because of} 34. Rf1 $1 {
with the idea of} Rd7 $2 35. Rg7+ Kh6 36. Rf4 $18) 34. Rh4+ Kg6 35. Rf1 Bd5 $8
36. Rg4+ Kh7 37. Rh4+ Kg6 38. Rg4+ Kh7 39. Bg5 ({My initial idea was} 39. Rf2 {
but I noticed that after} Rxf2 $1 ({Not} 39... Re4 $2 40. Rxe4 Bxe4 41. h4 $16)
40. Rxg8 Bc6 {the position is a draw!}) 39... c3 40. Rf6 $2 $138 {A typical
mistake on move 40, with few seconds on clock. It did work very well, but I
have to admit that I did not even see that the e7-pawn was suddenly hanging...}
Rg6 (40... Rxe7 {is simply OK for Black.}) ({After} 40... c2 $5 {I can luckily
make a draw with} 41. e8=Q ({And not} 41. Rh6+ $4 Kg7 42. Be3+ Kf7 43. Rxg8
Rxe3 $1 $19 {which was my initial idea...}) 41... Rexe8 42. Rh4+ Kg7 43. Rf2
$11) 41. Rf2 $1 Re5 (41... Rge6 42. Rf5 $1 (42. Rf7+ Kg6 43. Rf8 Kh7 {brings
nothing:} 44. Bf6 $2 Rxf6 45. Rxf6 Rxe7 46. Rf5 Bf7 $13) 42... R2e5 {- back
into the game.}) 42. Rf5 Rge6 $8 (42... Rxf5 43. e8=Q Rfxg5 44. Rh4+ Kg7 (44...
Rh6 45. Qe7+ Rg7 46. Rxh6+ Kxh6 47. Qe3+ $18) 45. Qd7+ (45. g3 $5) 45... Bf7 (
45... Kf6 46. Rf4+ Ke5 47. Qxc7+ Ke6 48. g4 $18) 46. Qd4+ Rf6 47. Rf4 Rgg6 48.
Qxc3 $18) 43. Rxe5 (43. Rf7+ $2 Kg6 44. Rf8 Rxg5 $1 45. e8=Q+ Rxe8 46. Rxg5+
Kxg5 47. Rxe8 Kf4 $1 {and I might still be able to make a draw by playing} 48.
Re1 {and bringing up my king, but that is not even sure...}) 43... Rxe5 44. Bf6
Re2 (44... Re3 45. Rg7+ Kh6 46. Bxc3 Bc6 47. e8=Q Bxe8 48. Rxc7 $16) 45. Rg7+
Kh6 46. Bxc3 c5 $2 {Very natural, but...} (46... Bc6 {is a better move, to
avoid 47.Kg3! as played in the game.}) 47. Kg3 $1 Rxg2+ 48. Kf4 Re2 49. Kf5 $1
{Black cannot prevent the white king from advancing!} (49. Be5 Bc6 50. Rg8 Rf2+
51. Ke3 Rf3+ 52. Kd2 Rxa3 53. e8=Q Bxe8 54. Rxe8 Kg5 {seemed more likely to be
a draw to me.}) 49... Be6+ 50. Kf6 Bd7 51. Kf7 (51. Rg8 $5 Rf2+ 52. Ke5 Re2+
53. Kd6 Ba4 54. Be5 {should win easily too.}) 51... Bb5 $6 (51... Be6+ 52. Ke8
({It is always possible to come back with} 52. Kf6 {of course.}) 52... Bd5 53.
Kd8 Bc6 54. Rg8 {should be winning easily.}) 52. Rg4 $6 (52. Rg6+ $1 Kh5 53.
Rg4 Re3 54. Bf6 Rxh3 55. Rg5+ Kh6 56. Rg6+ Kh5 57. Kg7 {is even more precise.})
52... Kh5 $4 (52... Bd7 $8 53. Rh4+ Kg5 54. Bf6+ Kf5 55. Rh5+ Kf4 56. h4 $18)
53. Bf6 {Mate to follow.} 1-0

[Event "Voskresensk"]
[Site "Voskresensk"]
[Date "1992.??.??"]
[Round "?"]
[White "Janovsky, Sergey"]
[Black "Tseshkovsky, Vitaly"]
[Result "1-0"]
[WhiteElo "2435"]
[BlackElo "2510"]
[Annotator "Ernst,T"]
[PlyCount "136"]
[EventDate "1992.??.??"]
[EventType "tourn"]
[EventRounds "11"]
[EventCountry "RUS"]
[EventCategory "9"]
[SourceTitle "CBM 031"]
[Source "ChessBase"]
[SourceDate "1992.12.01"]
[SourceVersion "1"]
[SourceVersionDate "1992.12.01"]
[SourceQuality "1"]

1. e4 e5 2. Nf3 Nc6 3. Bb5 f5 4. Nc3 $1 fxe4 (4... Bb4 5. exf5 Nf6 6. O-O O-O
7. d4 e4 8. Ne5 Qe8 9. Ng4 Bxc3 10. bxc3 Nxg4 11. Qxg4 d5 12. Qg3 Nxd4 $6 13.
f6 $1 Rxf6 14. Bxe8 Ne2+ 15. Kh1 Nxg3+ 16. hxg3 $16 {Tsarev-Moroz/Belgorod/
1989/}) 5. Nxe4 Nf6 (5... d5 6. Nxe5 dxe4 7. Nxc6 Qd5 8. c4 Qd6 9. Nxa7+ Bd7
10. Bxd7+ Qxd7 11. Qh5+ g6 12. Qe5+ Kf7 13. Nb5 c6 14. Qd4 Qxd4 $6 15. Nxd4 Bg7
16. Ne2 $1 Ra4 17. b3 Rxc4 18. bxc4 Bxa1 19. O-O $16 {Jansa-Vera/Bratislava/
1983/}) (5... d5 6. Nxe5 dxe4 7. Nxc6 Qg5 $1 8. Qe2 Nf6 9. f4 Qxf4 10. Ne5+ c6
11. d4 Qh4+ 12. g3 Qh3 13. Bc4 Be6 $14) 6. Nxf6+ $1 Qxf6 7. Qe2 Be7 8. Bxc6
bxc6 (8... dxc6 9. Nxe5 O-O 10. O-O Bd6 11. d4 Bf5 12. c3 $1 $16 {
Kotronias-Vouldis/GRC/1992/}) (8... dxc6 9. Nxe5 Bf5 10. d3 O-O-O 11. O-O Rhe8
12. f4 Bd6 13. Qf2 $1 $16 {Glek-Jandemirov/URS/1985/}) 9. d4 $5 (9. Qxe5 Qf7
10. d3 d6 11. Qf4 $14) 9... exd4 10. Bg5 Qe6 11. Qxe6 dxe6 12. Bxe7 Kxe7 13.
Nxd4 $14 c5 14. Nb3 Rb8 15. O-O-O Rb5 16. Rhe1 c4 17. Nd4 Rd5 18. Re3 Bd7 19.
Rd2 Rd8 20. g3 g5 21. Nf3 Kf6 22. Rxd5 exd5 23. Ra3 Bg4 $1 $132 24. Ng1 Ke5 25.
Kd2 (25. Rxa7 Rf8 $13) 25... Rf8 26. Ke1 Rb8 27. b3 Kd4 28. f3 Bf5 29. bxc4
dxc4 30. Ne2+ Ke5 31. Ra5+ Kf6 32. Nd4 Bg6 33. Rc5 Rb2 34. Rxc4 Ke5 35. Kd2
Rxa2 36. Nb5 a6 37. Rc5+ Ke6 38. Nd4+ Kd6 39. Rxg5 a5 40. h4 $1 $16 c5 41. Nf5+
Bxf5 $6 42. Rxf5 a4 43. Kc3 a3 44. g4 Ra1 45. Kb3 a2 46. c4 Rc1 47. Kxa2 Rxc4
48. Kb3 Rc1 49. h5 Ke6 50. Kb2 Rf1 51. Kc3 Ra1 52. Kd3 Rc1 53. Rf8 c4+ 54. Kd2
Ra1 55. g5 Rg1 56. f4 $18 Kd5 57. Ke3 c3 58. Kd3 Rg3+ 59. Kc2 Kc4 60. Rc8+ Kb4
61. h6 Rg2+ 62. Kd3 Rg3+ 63. Kd4 Kb3 64. g6 $1 Rxg6 65. Rxc3+ Kb4 66. Rh3 Rg4
67. Ke5 Kb5 68. f5 Kc6 1-0

[Event "Nikolaev zt"]
[Site "Nikolaev"]
[Date "1993.??.??"]
[Round "?"]
[White "Brodsky, Michail"]
[Black "Kuzmin, Gennadi P"]
[Result "1-0"]
[WhiteElo "2520"]
[BlackElo "2525"]
[Annotator "Ernst,T"]
[PlyCount "61"]
[EventDate "1993.03.??"]
[EventType "swiss"]
[EventRounds "11"]
[EventCountry "RUS"]
[SourceTitle "CBM 035"]
[Source "ChessBase"]
[SourceDate "1993.08.01"]
[SourceVersion "1"]
[SourceVersionDate "1993.08.01"]
[SourceQuality "1"]

1. e4 e5 2. Nf3 Nc6 3. Bb5 f5 4. Nc3 fxe4 5. Nxe4 Nf6 6. Qe2 (6. Nxf6+ Qxf6 7.
Qe2 Be7 8. Bxc6 dxc6 9. Nxe5 $14) 6... d5 7. Nxf6+ gxf6 8. d4 e4 (8... Bg7 9.
dxe5 (9. c4 $5 a6 10. Ba4 dxc4 11. Qxc4 Bd7 12. dxe5 $16 {Arencibia,WR-Antunes,
A,Santa Clara 1991}) 9... O-O (9... fxe5 $2 10. Nxe5 O-O 11. Bxc6 bxc6 12. Nxc6
Qd7 13. Ne7+ Kh8 14. O-O Bb7 15. Bg5 $16 {Mikhalchishin,A-Annageldiev,O,
Uzhgorod 1988}) 10. e6 (10. exf6 Qxf6 11. Qd1 (11. c3 Bg4 12. Bxc6 Qxc6 13. Ne5
Bxe2 14. Nxc6 Rae8 15. Be3 bxc6 16. Kxe2 c5 17. Kd3 d4 18. cxd4 cxd4 19. Bd2
Rxf2 $10 {Westerinen,H-Binham,T,Helsinki 1986}) 11... Nd4 12. Qxd4 Qe7+ 13. Ne5
Bxe5 14. Qxd5+ Kh8 $44 {Klovan,Y-Arbakov,V,USSR 37/353 1984}) (10. Bxc6 bxc6
11. e6 Re8 12. O-O Bxe6 13. Qd3 c5 14. Nh4 $14 {Sax,Gy-Szell,L,Hungary 1984})
10... Ne5 $1 (10... Re8 11. O-O Bxe6 12. Qd3 Qd6 13. Be3 a6 14. Bxc6 Qxc6 15.
Nd4 Qd7 16. Nxe6 Qxe6 $10 {Timman,J-Kortschnoj,V,Brussels 1991}) 11. Bf4 Qd6 (
11... Ng6 12. e7 Nxe7 13. O-O-O Ng6 $10 {Wedberg,T-Hynes,K,Novi Sad ol 1990}) (
11... c6 $6 12. Bd3 Nxd3+ 13. Qxd3 Bxe6 14. Nd4 Re8 15. O-O-O $1 Qd7 16. h4 $14
{Psakhis,L-Grosar,A,Portoroz 1987}) 12. O-O Qxe6 13. Rae1 c6 14. Bd3 Nxd3 15.
Qxd3 Qf7 $10 {Hellers,F-Antunes,A,Novi Sad ol 1990}) 9. Nh4 Be6 10. Qh5+ $1 (
10. Bf4 Qd7 11. O-O-O O-O-O 12. f3 a6 $10 {Magerramov,E-Kuzmin,G,St.Petersburg
1992}) 10... Bf7 11. Qf5 Qd6 12. c3 Qe6 13. Bf4 O-O-O 14. f3 Qxf5 15. Nxf5 Rg8
(15... exf3 16. g3 $16) 16. O-O a6 17. Ba4 Ne7 18. Ng3 Bg6 19. fxe4 Bxe4 20.
Nxe4 dxe4 21. Bb3 Nd5 22. Rae1 Rg4 23. Bxd5 Rxd5 24. h3 Rg6 25. Rxe4 $18 Kd7
26. Rfe1 Rf5 27. R1e2 h5 28. c4 b5 29. b3 Bb4 30. c5 Ba5 31. a3 1-0